000 00604nam a22001817a 4500
003 AUA.1
005 20251119131528.0
008 250711b |||||||| |||| 00| 0 eng d
040 _cJTL
100 _aMpofu, Sindiso
245 _aAnalyzing the role of rhetorical questions in the lament Psalms with particular focus on Psalms 42, 44, 88 and 94 /
_cSindiso Mpofu.
260 _cc2025.
300 _aviii,129 leaves :
_bIllustrations :
_c30cm.
650 _aQuestion (Logic)
650 _aLaments in the Bible
_933150
650 _aBible. Psalms
942 _2aua
_cTHESIS
_hMABTS
_i.M66 2025
999 _c25203
_d25203